Países que o casamento LGBT é legalizado - Statistics

Estatísticas Gerais
  • Esse quiz foi jogado 103 vezes
  • A pontuação média é 6 de 10
Estatísticas das Respostas
Hint Resposta % Correto
2011 Brasil
86%
2005 Canadá
82%
2010 Argentina
72%
2005 Espanha
72%
2001 Países baixos
70%
2009 Suécia
68%
2009 Noruega
63%
2003 Bélgica
55%
2010 Islândia
48%
2006 África do Sul
34%
Nenhum quiz correspondente encontrado
Distribuição das Pontuações
Porcentagem de Pessoas com Cada Pontuação
Percentil de Números Respondidos
Sua Pontuação Histórica
Você não jogou esse quiz